000 00400nam a22001697a 4500
003 MPLRDC
005 20220104142532.0
008 210129b ||||| |||| 00| 0 eng d
082 _a857.45419 YSA
100 _a杨书案
245 _a九月菊
_c
250 _a一版一刷
260 _a
_b长江文艺出版社
_c1981
300 _b
650 _a历史小说
942 _cBK
_o857.45419 YSA
999 _c31666
_d31656